000 00406 a2200157 4500
001 60431
020 _a8561207509
040 _cAnchieta - Pituba
100 _aBarreto, Luiz Antônio
240 1 0 _aCompêndio de história da literatura brasileira
_lpor
245 1 0 _aCompêndio de história da literatura brasileira
300 _a464
362 0 _a2001
650 4 _aLiteratura brasileira
942 _cBK
999 _c60431
_d60431